zpět

Detail výsledku týmu

Dělnický dům, Jihlava

Datum a čas kvízu

34.5 Celkem bodů Celkový počet nahraných bodů na tomto kvízu bez doplňovacích otázek.
3. Pořadí na kvízu Konečné umístění týmu na tomto kvízu.

Zaznamenané odpovědi

# Otázka Odpověď Body Výsledky
1. Sněmovna schválila minulý týde... tři přihlášky 1
2. Poměrně neobvyklé záběry se do... ve Španělsku 1
3. Doplňte slovo do názvu časosbě... Havel 1
4. Která dvě křestní jména (jedno... Eliška, Jakub 0.5
5. Které dvě země se utkaly v sob... Jihoafrická republika, Nový Zéland 1
6. Naše téma nezačneme v kurníku,... Fabergého vejce 0
7. Barvíte velikonoční vajíčka? T... 1A 2D 3B 4C 1
8. Která z vajec na obrázku snesl... B 0
9. Napište název americké romanti... 50x a stále poprvé 0
10. Vyberte nepravdivé tvrzení. D 1